8-Letter Actors and Actresses Quiz Stats

Quiz Updated Sep 2, 2015

Challenge
Share
Tweet
Score 0/25 Timer 08:00
1 Play Today
% Correct
Tom Hanks
99%
Brad Pitt
96.7%
Sean Penn
85.2%
Bruce Lee
84.4%
Tim Allen
83.7%
Al Pacino
75.7%
Liv Tyler
72.7%
Amy Adams
72.3%
Zac Efron
68.6%
Megan Fox
68.2%
Joe Pesci
66.8%
Paul Rudd
66.6%
Alan Alda
60.1%
% Correct
Ed Harris
56.7%
Sean Bean
50.1%
Doris Day
46.9%
Tom Hardy
42.5%
Kate Mara
30.3%
Jon Heder
28.6%
Teri Garr
25.5%
Burl Ives
23.3%
Pam Grier
21.6%
Eva Green
20.7%
Kim Novak
12.8%
Tom Hulce
5.4%

You're not logged in!

Compare scores with friends on all Sporcle quizzes.
Sign Up with Email
OR
Log In

You Might Also Like...

Show Comments

Extras

Top Quizzes Today


Score Distribution

Your Account Isn't Verified!

In order to create a playlist on Sporcle, you need to verify the email address you used during registration. Go to your Sporcle Settings to finish the process.